<?xml version="1.0" encoding="UTF-8"?>
<record
    xmlns:xsi="http://www.w3.org/2001/XMLSchema-instance"
    xsi:schemaLocation="http://www.loc.gov/MARC21/slim http://www.loc.gov/standards/marcxml/schema/MARC21slim.xsd"
    xmlns="http://www.loc.gov/MARC21/slim">

  <leader>02146nas a2200277Ia 4500</leader>
  <controlfield tag="001">R050-S0907</controlfield>
  <controlfield tag="003">IT-CnALBA</controlfield>
  <controlfield tag="008">170116c99999999xx ||||||||||||   ||und||</controlfield>
  <datafield tag="040" ind1=" " ind2=" ">
    <subfield code="a">IT-CnALBA</subfield>
    <subfield code="c">IT-CnALBA</subfield>
  </datafield>
  <datafield tag="041" ind1=" " ind2=" ">
    <subfield code="a">ITALIANO</subfield>
  </datafield>
  <datafield tag="100" ind1=" " ind2=" ">
    <subfield code="a">ANGRISANI GIUSEPPE, VESC. DI CASAL MONF.</subfield>
  </datafield>
  <datafield tag="210" ind1=" " ind2=" ">
    <subfield code="a">RIVISTA GIOVANI</subfield>
  </datafield>
  <datafield tag="222" ind1=" " ind2=" ">
    <subfield code="a">RIVISTA GIOVANI</subfield>
  </datafield>
  <datafield tag="245" ind1=" " ind2="0">
    <subfield code="a">RIVISTA GIOVANI. GENNAIO DICEMBRE 1936. CULTURA E VITA CRISTIANA. </subfield>
  </datafield>
  <datafield tag="250" ind1=" " ind2=" ">
    <subfield code="a">1a ed.</subfield>
  </datafield>
  <datafield tag="260" ind1=" " ind2=" ">
    <subfield code="a"> TO BO CT PA</subfield>
    <subfield code="b">SOCIET&#xC0; ED. INTER. </subfield>
    <subfield code="c">1935 [1&#xB0; Ed.:1935 - Ed.Ling.Originale: 1935]</subfield>
  </datafield>
  <datafield tag="300" ind1=" " ind2=" ">
    <subfield code="a">704 p. </subfield>
  </datafield>
  <datafield tag="310" ind1=" " ind2=" ">
    <subfield code="a">MENSILE</subfield>
  </datafield>
  <datafield tag="362" ind1=" " ind2=" ">
    <subfield code="a">Fascicolo: 1-12 / Anno: 16 (1935)</subfield>
  </datafield>
  <datafield tag="500" ind1=" " ind2=" ">
    <subfield code="a">INCONTRI. GIORGIO SOMAGGIO, DESIDERIO DI MORTE IN VIAGGIO. GIACOMO MAFFEI, BARATTI A. L'INGEGNERE CARLO MATTEY. BETTAZZI R. L'ITALIA IN ETIOPIA PER LA CIVILT&#xC0; CRISTIANA. BIAGIONI U. F. IL MASSIMO INSEGNAMENTO. VITA DI ORAZIO. BISTOLFI G. DIFOSCHI. DON LINGUEGLIA, UN MAESTRO. CRISI D'ASSOCIAZIONE CATTOLICA. BOSIO G. S. IGNAZIO D'ANTIOCHIA. INTRODUZIONE. LETTERA AI ROMANI. GERARCHIA IN S. UGNAZIO. PERICOLI DI UNA CHIESA ATTRAVERSO L'ANIMA DI UN PASTORE SANTO. IL DRAMMA DI OXFORD. LIBRI NUOVI. DON GIACOMO FINO, QUANDO PI&#xD9; VIVA BRILLAVA LA LUCE. BRACALONI L. PER CHINE RAPIDE. SEDENTARISMO INTELLETTUALE. IL MODERNO GIRARE A VUOTO. </subfield>
  </datafield>
  <datafield tag="501" ind1=" " ind2=" ">
    <subfield code="a">Societ&#xE0; San Paolo EM - Piazza San Paolo, 14 - 12051 ALBA (CN)  (non commercial uses only) &#xAE; Copyright 2017</subfield>
  </datafield>
  <datafield tag="520" ind1=" " ind2=" ">
    <subfield code="a">INCONTRI. GIORGIO SOMAGGIO, DESIDERIO DI MORTE IN VIAGGIO. GIACOMO MAFFEI, BARATTI A. L'INGEGNERE CARLO MATTEY. BETTAZZI R. L'ITALIA IN ETIOPIA PER LA CIVILT&#xC0; CRISTIANA. BIAGIONI U. F. IL MASSIMO INSEGNAMENTO. VITA DI ORAZIO. BISTOLFI G. DIFOSCHI. DON LINGUEGLIA, UN MAESTRO. CRISI D'ASSOCIAZIONE CATTOLICA. BOSIO G. S. IGNAZIO D'ANTIOCHIA. INTRODUZIONE. LETTERA AI ROMANI. GERARCHIA IN S. UGNAZIO. PERICOLI DI UNA CHIESA ATTRAVERSO L'ANIMA DI UN PASTORE SANTO. IL DRAMMA DI OXFORD. LIBRI NUOVI. DON GIACOMO FINO, QUANDO PI&#xD9; VIVA BRILLAVA LA LUCE. BRACALONI L. PER CHINE RAPIDE. SEDENTARISMO INTELLETTUALE. IL MODERNO GIRARE A VUOTO. </subfield>
  </datafield>
  <datafield tag="650" ind1=" " ind2=" ">
    <subfield code="a">CULTURA VITA CRISTIANA</subfield>
  </datafield>
  <datafield tag="942" ind1=" " ind2=" ">
    <subfield code="c">CR</subfield>
  </datafield>
  <datafield tag="957" ind1=" " ind2=" ">
    <subfield code="7">1</subfield>
  </datafield>
  <datafield tag="999" ind1=" " ind2=" ">
    <subfield code="a">62473</subfield>
    <subfield code="b">SI </subfield>
    <subfield code="g">1</subfield>
    <subfield code="c">329499</subfield>
    <subfield code="d">329499</subfield>
  </datafield>
  <datafield tag="952" ind1=" " ind2=" ">
    <subfield code="0">0</subfield>
    <subfield code="1">0</subfield>
    <subfield code="4">0</subfield>
    <subfield code="6">R_050S0907</subfield>
    <subfield code="7">1</subfield>
    <subfield code="a">ALBA</subfield>
    <subfield code="b">ALBA</subfield>
    <subfield code="d">2017-01-16</subfield>
    <subfield code="l">0</subfield>
    <subfield code="o">R050-S0907</subfield>
    <subfield code="r">2017-01-16 00:00:00</subfield>
    <subfield code="w">2017-01-16</subfield>
    <subfield code="y">CR</subfield>
    <subfield code="z">(data import: 16 gennaio 2017) - By Epidotti, Vaglietti. </subfield>
  </datafield>
</record>
